| 000 | 02318cam a22005414i 4500 | ||
|---|---|---|---|
| 003 | PE-LiUPU | ||
| 005 | 20250731180059.0 | ||
| 008 | 160809s2011 cr a rb 000 0 spa d | ||
| 020 | _a9789977661780 | ||
| 035 | _a(Sirsi) a162848 | ||
| 040 |
_aPE-LiUPU _bspa _cPE-LiUPU _erda |
||
| 049 | _aPRUA | ||
| 082 | 0 | 4 |
_a551.48 _bV68 |
| 100 | 1 |
_aVillón Béjar, Máximo. _eautor. |
|
| 245 | 1 | 0 |
_aHidrología estadística / _cMáximo Villón Béjar. |
| 264 | 1 |
_aCártago : _bEditorial Tecnológica de Costa Rica, _c2011. |
|
| 300 |
_a436 páginas : _bilustraciones ; _c21 centímetros |
||
| 336 |
_atext _2rdacontent |
||
| 337 |
_aunmediated _2rdamedia |
||
| 338 |
_avolume _2rdacarrier |
||
| 504 | _aBibliografía : páginas 373-375. | ||
| 505 | 0 | _aConceptos básicos -- Distribuciones de frecuencia de una muestra -- Medidas de las distribuciones -- Estimación de parámetros -- Pruebas de bondad y ajuste -- Distribuciones teóricas -- Correlación y regresión -- Análisis de consistencia -- Completación y extensión -- Generación de números aleatorios -- Intervalos de confianza. | |
| 526 | _aSEG44 | ||
| 526 | _aSEG26 | ||
| 526 | _aP159 | ||
| 526 | _aP155 | ||
| 526 | _aP154 | ||
| 526 | _aP153 | ||
| 526 | _aP150 | ||
| 526 | _aP100 | ||
| 526 | _aP31 | ||
| 526 | _aP30 | ||
| 526 | _aP26 | ||
| 526 | _aP25 | ||
| 526 | _aP24 | ||
| 526 | _aP22 | ||
| 526 | _aP15 | ||
| 526 | _aP10 | ||
| 541 | _g002-00000136; | ||
| 910 |
_ajck _bncf _cncf _d20160809 |
||
| 910 |
_adbm _bncf _cncf _d20180628 |
||
| 596 | _a1 | ||
| 942 |
_2ddc _cBOOK |
||
| 999 |
_a551.48 V68 _wDEWEY _c11788 _i70780 _d11788 _f2021-11-9 _g7 _lCCODEBUL1 _mBUL _p45.00 _q4 _r0 _sY _tBOOK _u2016-8-9 _xINGENIERIA _PP24 _0COMPRA _o.STAFF. Colección General |
||
| 999 |
_a551.48 V68 _wDEWEY _c2 _i78600 _d2019-8-15 _e2019-8-11 _f2021-11-9 _g4 _lCCODEBUL1 _mBUL _n2 _p10.08 _r0 _sY _tBOOK _u2018-6-28 _xINGENIERIA _PP25 _0COMPRA _1FCOMPRA _o.STAFF. Colección Ingeniería y Arquitectura |
||
| 999 |
_a551.48 V68 _wDEWEY _c3 _i78601 _d2018-10-30 _f2021-11-9 _g5 _lCCODEBUL1 _mBUL _p10.08 _q1 _r0 _sY _tBOOK _u2018-6-28 _xINGENIERIA _PP25 _0COMPRA _1FCOMPRA _o.STAFF. Colección Ingeniería y Arquitectura |
||
| 980 |
_81 _gALBERTO SANCHEZ Responsable de Automatización |
||